Statistics for New Wave - Songs to Musical Act #2

Click here to take the quiz!

General Stats

  • This quiz has been taken 25 times
  • The average score is 10 of 16

Answer Stats

HintAnswer% Correct
Blue MondayNew Order
92%
Let's DanceDavid Bowie
84%
Rock LobsterThe B-52s
84%
Message in a BottleThe Police
84%
ShoutTears for Fears
80%
Personal JesusDepeche Mode
76%
Love Will Tear Us ApartJoy Division
72%
Wild BoysDuran Duran
56%
Too ShyKajagoogoo
56%
Enola GayOrchestral Manoeuvres in the Dark
56%
GoldSpandau Ballet
44%
Our Lips are SealedThe Go-Go's
44%
Dance Hall DaysWang Chung
40%
Major TomPeter Schilling
36%
Can't Fight this FeelingREO Speedwagon
36%
Out of TouchHall & Oates
32%

Score Distribution

Percentile by Number Answered

Percent of People with Each Score

Your Score History

You have not taken this quiz